al-Nūbah al-qadīmah fī ṣuwar : bīʼat mujtamaʻ al-Nūbah wa-ḥayātuhu qabla al-tahjīr /

محفوظ في:

المؤلف الرئيسي: Riyāḍ, Muḥammad (مؤلف)

مؤلفون آخرون: ʻAbd al-Rasūl, Kawthar.

التنسيق: كتاب

اللغة: Arabic
English

منشور في: al-Haram : ʻAyn lil-Dirāsāt wa-al-Buḥūth al-Insānīyah wa-al-Ijtimāʻīyah, 2007.

الطبعة: al-Tạbʻah 1.

الموضوعات:

الوسوم: إضافة وسم

لا توجد وسوم, كن أول من يضع وسما على هذه التسجيلة!

رقم الطلب: DT159.6 .N83 R63 2007

LEADER 01671nam a22003257a 4500
003 OSt
005 20260419114023.0
008 260419t2007 ua abc 000 0 ara d
020 |a 9773222233 
020 |a 9789773222239 
040 |c ARCE Library 
041 0 |a ara  |a eng 
043 |a f-ua---  |a f-sj--- 
050 1 4 |a DT159.6 .N83  |b R63 2007 
100 1 |6 880-01  |a Riyāḍ, Muḥammad,  |e author 
245 1 3 |6 880-02  |a al-Nūbah al-qadīmah fī ṣuwar :  |b bīʼat mujtamaʻ al-Nūbah wa-ḥayātuhu qabla al-tahjīr /  |c Muḥammad Riyāḍ, Kawthar ʻAbd al-Rasūl. 
246 1 5 |a Old Nubia in pictures :  |b life of the Nubian society before relocation. 
250 |a al-Tạbʻah 1. 
264 1 |a al-Haram :  |b ʻAyn lil-Dirāsāt wa-al-Buḥūth al-Insānīyah wa-al-Ijtimāʻīyah,  |c 2007. 
300 |a 100 pages :  |b illustrations (some color), ports., color map ;   |c 24 cm. 
546 |a In Arabic and English. 
651 0 |a Nubia  |x History  |v Pictorial works. 
651 0 |a Nubia  |x Social life and customs  |v Pictorial works. 
651 0 |a Nubia  |x Economic conditions. 
700 1 |a ʻAbd al-Rasūl, Kawthar. 
880 1 |6 100-01/(3/r  |a رياض، محمد.‪‪‪‪‪‪‪‪‪‪‪‪‪‪‪‪‪‪‪‪‪‪‪‪‪‪‪‪‪‪‪‪‪‪‪‪‪‪‪‪‪‪‪‪ 
880 1 2 |6 245-02/(3/r  |a النوبة القديمة في صور :   |b بيئة مجتمع النوبة و حياته قبل التهجير   |c محمد رياض، كوثر عبد الرسول.‪‪‪‪‪‪‪‪‪‪‪‪‪‪‪‪‪‪‪‪‪‪‪‪‪‪‪‪‪‪‪‪‪‪‪‪‪‪‪‪‪‪‪‪ 
901 |a reviewed 
942 |c BK  |2 lcc 
999 |c 15000  |d 15000